| 000 | 00518cam a2200217ua 4500 | ||
|---|---|---|---|
| 020 | _cRs 8.00 | ||
| 041 |
_aeng _h |
||
| 082 |
_a633.081 _bPUG/PR |
||
| 100 | _aPugh, B M . | ||
| 245 |
_aProduction of field crops in India / _cB M Pugh. _hTextual Documents |
||
| 250 |
_a1 / _b. |
||
| 260 |
_aAllahabad : _bKitabistan , _c1965. |
||
| 300 | _a289 ; . | ||
| 365 | _aRs 8.00 | ||
| 504 | _a | ||
| 942 | _cBK | ||
| 999 |
_c299 _d299 |
||